000
00358pab a2200169 454500
008
180718b2010 xxu||||| |||| 00| 0 eng d
100
_a
Arun Kumar
245
_a
Too many gambles
260
_c
2010
300
_a
p.7-11,17.
362
_a
6 Mar
650
_a
Budget - India
650
_a
Budget
773
_a
Mainstream
908
_a
N
909
_a
85768
999
_c
85768
_d
85768